[Event "V Trofeo Giovanni Pico"]
[Site "Mirandola ITA"]
[Date "2012.01.14"]
[Round "3"]
[White "Dobboletta, Alex"]
[Black "Boschetti, Claudio"]
[Result "0-1"]
[WhiteElo "1986"]
[BlackElo "2142"]
[PlyCount "66"]
[EventDate "2012.01.13"]

1. e4 e5 2. Nf3 Nc6 3. Bb5 a6 4. Ba4 Nf6 5. d3 b5 6. Bb3 Be7 7. O-O d6 8. c3
Na5 9. Bc2 c5 10. Nbd2 Nc6 11. Re1 O-O 12. Nf1 Re8 13. Ng3 g6 14. h3 h5 15. d4
cxd4 16. cxd4 h4 17. Nf1 Nh5 18. a4 Nxd4 19. Nxd4 exd4 20. Qxd4 Bf6 21. Qd1 b4
22. Ne3 Be6 23. Nd5 Bxd5 24. Qxd5 Re5 25. Qb3 Bg5 26. Qf3 Qe7 27. Bb3 Rf8 28.
Bxg5 Rxg5 29. Rac1 Qe5 30. Rc7 Nf4 31. Rec1 Kg7 32. Rb7 Rxg2+ 33. Kf1 Qg5 0-1

[Event "V Trofeo Giovanni Pico"]
[Site "Mirandola ITA"]
[Date "2012.01.14"]
[Round "3"]
[White "Ferraguti, Francesco"]
[Black "Ollari, Luca"]
[Result "1-0"]
[WhiteElo "1870"]
[BlackElo "1697"]
[PlyCount "104"]
[EventDate "2012.01.13"]

1. d4 Nf6 2. c4 g6 3. Nc3 Bg7 4. f4 d6 5. Nf3 O-O 6. e3 c5 7. Bd3 cxd4 8. exd4
Nc6 9. O-O Bg4 10. d5 Nd4 11. Be2 Nxe2+ 12. Qxe2 Nd7 13. h3 Bxf3 14. Rxf3 Rc8
15. Rb1 Re8 16. Ne4 Nc5 17. b3 Nxe4 18. Qxe4 Qa5 19. a4 e6 20. dxe6 Rxe6 21.
Qd3 Re1+ 22. Kh2 Qf5 23. Qxf5 gxf5 24. Re3 Rf1 25. Rg3 Kf8 26. Rxg7 Rxc1 27.
Rxf7+ Kxf7 28. Rxc1 d5 29. Kg1 dxc4 30. Rxc4 Rxc4 31. bxc4 b6 32. g4 h5 33. g5
Ke7 34. Kf2 h4 35. Ke3 Ke6 36. Kd4 Kd6 37. g6 Ke6 38. g7 Kf7 39. Ke5 Kxg7 40.
Kxf5 Kf7 41. Kg5 Kg7 42. Kxh4 Kf6 43. Kg4 Kg6 44. h4 a5 45. f5+ Kf6 46. Kf4 Kf7
47. Kg5 Kg7 48. h5 Kf7 49. f6 Kf8 50. Kg6 Kg8 51. h6 b5 52. h7+ Kh8 1-0

[Event "V Trofeo Giovanni Pico"]
[Site "Mirandola ITA"]
[Date "2012.01.14"]
[Round "3"]
[White "Ferronato, Christian"]
[Black "Zuccaro, Guido"]
[Result "1/2-1/2"]
[WhiteElo "1386"]
[BlackElo "1769"]
[PlyCount "89"]
[EventDate "2012.01.13"]

1. e4 e6 2. d4 d5 3. exd5 exd5 4. c4 c6 5. Nc3 Bb4 6. Bd2 dxc4 7. Nf3 b5 8. a3
Ba5 9. b3 cxb3 10. Qxb3 Nf6 11. Be2 O-O 12. O-O Be6 13. Qc2 Bb6 14. Be3 a6 15.
Rfd1 Nbd7 16. Ne5 Qc7 17. Nxd7 Bxd7 18. Ne4 Nxe4 19. Qxe4 Rfe8 20. Qh4 Bf5 21.
Rac1 Rac8 22. Bf3 Qd6 23. Qg5 Be4 24. Bxe4 Rxe4 25. Qf5 Rce8 26. d5 c5 27. g3
R4e5 28. Qf3 c4 29. Bf4 Qf6 30. d6 R5e6 31. d7 Rd8 32. g4 Qe7 33. Qb7 Bc5 34.
Qc8 Bb6 35. Bc7 Bxc7 36. Qxc7 g6 37. Qc8 Qf8 38. Qc7 Re7 39. Kf1 Re6 40. Re1
Qe7 41. Rxe6 fxe6 42. Rd1 Kf7 43. Qf4+ Qf6 44. Qc7 e5 45. Rd6 1/2-1/2

[Event "V Trofeo Giovanni Pico"]
[Site "Mirandola ITA"]
[Date "2012.01.14"]
[Round "3"]
[White "Fragni, Enrico"]
[Black "Jimchi, Abdelaziz"]
[Result "1/2-1/2"]
[WhiteElo "1667"]
[BlackElo "1821"]
[PlyCount "125"]
[EventDate "2012.01.13"]

1. g3 d5 2. Bg2 g6 3. Nf3 Bg7 4. c3 Nf6 5. O-O O-O 6. d3 c6 7. Nbd2 Re8 8. e4
e5 9. Qc2 Bg4 10. h3 Bxf3 11. Nxf3 Nbd7 12. Be3 Qc7 13. Rfe1 Rac8 14. Rac1 a6
15. a4 dxe4 16. dxe4 c5 17. c4 b6 18. Nd2 Nb8 19. Nb1 Nc6 20. Nc3 Nd4 21. Qd1
Rb8 22. g4 Red8 23. g5 Ne8 24. Nd5 Qd6 25. h4 Nc7 26. h5 gxh5 27. Qxh5 b5 28.
axb5 axb5 29. Nf6+ Bxf6 30. gxf6 Qxf6 31. Bg5 Qg6 32. Qxg6+ hxg6 33. Bxd8 Rxd8
34. cxb5 Nce6 35. Bf1 Rb8 36. Bh3 Nf4 37. Bd7 Nd3 38. Red1 Nxc1 39. Rxc1 Nxb5
40. Rxc5 Nd4 41. Rxe5 Rxb2 42. Rd5 Nf3+ 43. Kf1 Rb8 44. Rb5 Rxb5 45. Bxb5 Nd2+
46. Ke2 Nxe4 47. Bd3 Nd6 48. f4 Kg7 49. Ke3 Kf6 50. Kf3 Nf5 51. Kg4 Ne3+ 52.
Kf3 Nd5 53. Be4 Ke6 54. Bd3 Ne7 55. Bc4+ Kf6 56. Kg4 Nf5 57. Kf3 Nd6 58. Bd3
Kg7 59. Kg4 Kh6 60. Kh4 Nf5+ 61. Kg4 Nd4 62. Bc4 Ne6 63. f5 1/2-1/2

[Event "V Trofeo Giovanni Pico"]
[Site "Mirandola ITA"]
[Date "2012.01.14"]
[Round "3"]
[White "Gilevych, Artem"]
[Black "Gurschler, Gregor"]
[Result "1-0"]
[WhiteElo "2279"]
[BlackElo "1937"]
[PlyCount "81"]
[EventDate "2012.01.13"]

1. d4 Nf6 2. Nf3 g6 3. c4 d6 4. Nc3 Bg7 5. e4 O-O 6. Be2 c6 7. O-O Nbd7 8. e5
dxe5 9. dxe5 Ng4 10. e6 Nde5 11. exf7+ Nxf7 12. Qb3 Qb6 13. h3 Qxb3 14. axb3
Nge5 15. Be3 Nxf3+ 16. Bxf3 Ne5 17. Be2 a6 18. Bc5 Re8 19. Rfe1 Bf5 20. f4 Nd7
21. Be3 e5 22. b4 exf4 23. Bxf4 Ne5 24. Rad1 Nd3 25. Bxd3 Rxe1+ 26. Rxe1 Bxd3
27. Re7 b6 28. c5 bxc5 29. bxc5 Bd4+ 30. Kh2 Bxc5 31. Rc7 Ra7 32. Rxc6 Bf8 33.
Rc8 Kf7 34. Rd8 Bc4 35. Ne4 h6 36. Be3 Rc7 37. Bf4 Rb7 38. Bxh6 Be7 39. Rd2 Be6
40. Bg5 Bf5 41. Rf2 1-0

[Event "V Trofeo Giovanni Pico"]
[Site "Mirandola ITA"]
[Date "2012.01.14"]
[Round "3"]
[White "Guandalini, Sergio"]
[Black "De Simone Sorrentino, Fabio"]
[Result "0-1"]
[WhiteElo "1649"]
[BlackElo "1701"]
[PlyCount "46"]
[EventDate "2012.01.13"]

1. e4 e6 2. d4 d5 3. Nc3 Bb4 4. Qg4 Nf6 5. Qxg7 Rg8 6. Qh6 Nxe4 7. Qxh7 Nf6 8.
Qd3 Nc6 9. Bd2 Bxc3 10. Bxc3 Ne4 11. f3 Qh4+ 12. g3 Nxg3 13. O-O-O Nxh1 14. Ne2
Nf2 15. Qe3 Nxd1 16. Kxd1 Ne7 17. Be1 Nf5 18. Qe5 Qe7 19. a3 Qd6 20. Qf6 Ne3+
21. Kc1 Nxf1 22. Bb4 Qd8 23. Qe5 Qg5+ 0-1

[Event "V Trofeo Giovanni Pico"]
[Site "Mirandola ITA"]
[Date "2012.01.14"]
[Round "3"]
[White "Guaragno, Michele"]
[Black "Dionigi, Riccardo"]
[Result "1/2-1/2"]
[WhiteElo "1956"]
[BlackElo "1865"]
[PlyCount "47"]
[EventDate "2012.01.13"]

1. e4 e5 2. Nf3 Nc6 3. d4 exd4 4. Nxd4 Bc5 5. Nxc6 Qf6 6. Qf3 Qxf3 7. gxf3 dxc6
8. Nc3 Be6 9. Be3 Bxe3 10. fxe3 O-O-O 11. h4 Ne7 12. Rd1 Rde8 13. Bh3 Bxh3 14.
Rxh3 Rhf8 15. f4 c5 16. Ke2 Nc6 17. a3 b6 18. h5 f6 19. h6 g6 20. Rhh1 Rf7 21.
Rd5 Ne7 22. Rd2 Ng8 23. Rd5 Ne7 24. Rd2 1/2-1/2

[Event "V Trofeo Giovanni Pico"]
[Site "Mirandola ITA"]
[Date "2012.01.14"]
[Round "3"]
[White "Gulinelli, Euro"]
[Black "Sacchetti, Andrea"]
[Result "0-1"]
[WhiteElo "1635"]
[BlackElo "1873"]
[PlyCount "102"]
[EventDate "2012.01.13"]

1. Nf3 Nf6 2. d4 d5 3. Nbd2 Bf5 4. e3 e6 5. Bd3 Bg6 6. O-O Nbd7 7. Re1 Be7 8.
b3 O-O 9. Bxg6 hxg6 10. Bb2 Rc8 11. e4 dxe4 12. Nxe4 Nxe4 13. Rxe4 Nf6 14. Re2
c5 15. c4 cxd4 16. Bxd4 Qc7 17. Be5 Qa5 18. Bf4 Rfd8 19. Bd2 Bb4 20. Qe1 Bxd2
21. Rxd2 Rxd2 22. Qxd2 Qxd2 23. Nxd2 Rd8 24. Nf3 Kf8 25. Kf1 Ke7 26. Ke2 Ne4
27. Rc1 Rc8 28. Ne5 g5 29. f3 Nf6 30. Rd1 Rc5 31. Nd3 Ra5 32. Rd2 g4 33. c5
gxf3+ 34. Kxf3 Nd5 35. Rc2 Kf6 36. Nf4 Nb4 37. Rd2 Ke7 38. a4 Rxc5 39. Ke2 Rc3
40. Rb2 Rc2+ 41. Rxc2 Nxc2 42. Kd3 Nb4+ 43. Kc4 Nc6 44. b4 Kd6 45. Nd3 b6 46.
Kb5 e5 47. Ka6 e4 48. Nf4 Nxb4+ 49. Kxa7 Kc6 50. Ne2 Nd5 51. Ka6 Kc5 0-1

[Event "V Trofeo Giovanni Pico"]
[Site "Mirandola ITA"]
[Date "2012.01.14"]
[Round "3"]
[White "Malago', Federico"]
[Black "Cocuzzi, Edoardo"]
[Result "1-0"]
[WhiteElo "1877"]
[BlackElo "1971"]
[PlyCount "65"]
[EventDate "2012.01.13"]

1. e4 e5 2. Nf3 Nc6 3. Bc4 Bc5 4. c3 d6 5. d3 h6 6. b4 Bb6 7. a4 a6 8. Qb3 Qf6
9. Be3 Nge7 10. Nbd2 O-O 11. h3 Ng6 12. g3 Nd8 13. Qd1 Ne6 14. Bxb6 cxb6 15.
Nf1 Bd7 16. Ne3 Ne7 17. Ng4 Qg6 18. Ngxe5 dxe5 19. Nxe5 Qf6 20. Nxd7 Qxc3+ 21.
Kf1 Rfe8 22. Nxb6 Rad8 23. Rb1 Ng5 24. Nd5 Nxd5 25. Bxd5 Nxe4 26. dxe4 Rxe4 27.
Bxf7+ Kxf7 28. Qxd8 Rd4 29. Qb6 Qd3+ 30. Kg2 Qe4+ 31. Kh2 Rd2 32. Rhe1 Qf3 33.
Qe6+ 1-0

[Event "V Trofeo Giovanni Pico"]
[Site "Mirandola ITA"]
[Date "2012.01.14"]
[Round "3"]
[White "Mantovani, Enrico"]
[Black "Castelli, Antonio"]
[Result "1-0"]
[WhiteElo "1810"]
[BlackElo "1680"]
[PlyCount "70"]
[EventDate "2012.01.13"]

1. d4 a6 2. e4 b5 3. f4 Bb7 4. Bd3 e6 5. Nf3 Nf6 6. Nbd2 Nc6 7. c3 d6 8. O-O
Be7 9. Kh1 Ng4 10. Qe1 h5 11. d5 Na7 12. dxe6 fxe6 13. e5 d5 14. h3 Nh6 15.
Bg6+ Kd7 16. b3 Qf8 17. Nd4 c5 18. Ne2 Nf5 19. Nf3 Rh6 20. Bxf5 Qxf5 21. Be3
Nc6 22. Qf2 Rf8 23. Bxc5 g5 24. fxg5 Qxg5 25. Nxg5 Rxf2 26. Rxf2 Bxc5 27. Rf7+
Ne7 28. Raf1 Be3 29. h4 Bxg5 30. hxg5 Rg6 31. Nd4 Rxg5 32. Rh7 b4 33. cxb4 Rg4
34. Rff7 Rxd4 35. Rxe7+ Kc6 1-0

[Event "V Trofeo Giovanni Pico"]
[Site "Mirandola ITA"]
[Date "2012.01.14"]
[Round "3"]
[White "Marani, Luca"]
[Black "Paoli, Walter"]
[Result "0-1"]
[WhiteElo "1835"]
[BlackElo "2058"]
[PlyCount "100"]
[EventDate "2012.01.13"]

1. e4 d5 2. exd5 Qxd5 3. Nc3 Qa5 4. d4 Nf6 5. Nf3 c6 6. Bc4 Bf5 7. Bd2 e6 8.
Ne4 Qc7 9. Nc3 Bg4 10. h3 Bxf3 11. Qxf3 Bd6 12. O-O-O Nbd7 13. Rhe1 O-O-O 14.
Re3 Nb6 15. Bb3 Nbd5 16. Rd3 Bf4 17. Ne4 Nxe4 18. Qxe4 Bxd2+ 19. R1xd2 Nf6 20.
Qf3 Rd7 21. Rc3 Rhd8 22. Ba4 Kb8 23. Bxc6 bxc6 24. Rxc6 Qb7 25. Rd3 Nd5 26. Rb3
Nb6 27. c3 Rc7 28. Rxc7 Qxf3 29. gxf3 Kxc7 30. Kc2 Nd5 31. Ra3 Ra8 32. Kd2 g5
33. Ra5 f6 34. a4 f5 35. b4 Nf4 36. Ra6 Kb7 37. b5 Rc8 38. a5 h5 39. Rd6 Rc7
40. a6+ Kc8 41. b6 axb6 42. Rxb6 Kd7 43. Rb4 Nxh3 44. c4 Nf4 45. Ra4 Ra7 46.
Kc3 h4 47. Kb4 h3 48. Kb5 Kc7 49. c5 Nd3 50. Ra2 h2 0-1

[Event "V Trofeo Giovanni Pico"]
[Site "Mirandola ITA"]
[Date "2012.01.14"]
[Round "3"]
[White "Medici, Simone"]
[Black "Sagripanti, Michele"]
[Result "0-1"]
[WhiteElo "2122"]
[BlackElo "1987"]
[PlyCount "114"]
[EventDate "2012.01.13"]

1. d4 Nf6 2. c4 Nc6 3. Nc3 e6 4. d5 exd5 5. cxd5 Ne5 6. g3 Bc5 7. Bg2 d6 8. h3
h6 9. e4 c6 10. Nge2 cxd5 11. exd5 Bf5 12. O-O Qd7 13. g4 Bxg4 14. hxg4 Qxg4
15. Qa4+ Ke7 16. Qxg4 Nfxg4 17. Na4 Bxf2+ 18. Rxf2 Nxf2 19. Kxf2 Rac8 20. Nac3
f5 21. Nd4 g6 22. Bf1 a6 23. Be2 Kf6 24. Bd2 g5 25. Rh1 h5 26. Ne6 Rcg8 27.
Rxh5 Rxh5 28. Bxh5 Nd3+ 29. Kg2 Nxb2 30. Be2 b5 31. Nxb5 axb5 32. Bc3+ Kg6 33.
Bxb2 Ra8 34. Kf1 Rxa2 35. Bc3 g4 36. Bxb5 Ra3 37. Be8+ Kh7 38. Bb4 Rd3 39. Bc6
f4 40. Bxd6 f3 41. Bf4 Kg6 42. d6 Rd1+ 43. Kf2 Kf5 44. Bd7 Ra1 45. Bc8 Ra2+ 46.
Kf1 Ra1+ 47. Kf2 Ra2+ 48. Ke1 Ra1+ 49. Kd2 f2 50. Ba6 Rxa6 51. Ke2 Ra2+ 52. Kf1
Kxe6 53. Bg3 Rd2 54. Bf4 Rd3 55. d7 Kxd7 56. Bb8 Rf3 57. Ba7 g3 0-1

[Event "V Trofeo Giovanni Pico"]
[Site "Mirandola ITA"]
[Date "2012.01.14"]
[Round "3"]
[White "Modena, Giorgio"]
[Black "Varzi, Florian"]
[Result "1-0"]
[WhiteElo "1932"]
[BlackElo "1730"]
[PlyCount "63"]
[EventDate "2012.01.13"]

1. e4 d6 2. d4 Nf6 3. Bd3 e5 4. c3 Nc6 5. d5 Ne7 6. Ne2 g6 7. Ng3 Bg7 8. O-O c6
9. c4 O-O 10. Nc3 Ne8 11. Qe1 f5 12. f4 cxd5 13. cxd5 fxe4 14. Bxe4 Nf6 15.
fxe5 Nxe4 16. Rxf8+ Qxf8 17. Ngxe4 Bxe5 18. Bg5 b6 19. Qd2 Bb7 20. Rf1 Qg7 21.
Bf6 Bxf6 22. Rxf6 Rf8 23. Rxf8+ Qxf8 24. Nxd6 Ba6 25. Qf2 Nc8 26. Qxf8+ Kxf8
27. Nxc8 Bxc8 28. Kf2 Ke7 29. Ke3 a6 30. Kd4 Kf6 31. Ne4+ Kf5 32. Nd6+ 1-0

[Event "V Trofeo Giovanni Pico"]
[Site "Mirandola ITA"]
[Date "2012.01.14"]
[Round "3"]
[White "Negro, Raffaele"]
[Black "Gerace, Agostino"]
[Result "1-0"]
[WhiteElo "1843"]
[BlackElo "1550"]
[PlyCount "75"]
[EventDate "2012.01.13"]

1. d4 Nf6 2. Bf4 Nc6 3. Nc3 e6 4. a3 Nh5 5. Bd2 Nf6 6. Nf3 a6 7. e4 Be7 8. e5
Nd5 9. Ne4 h6 10. c4 Nb6 11. Bd3 d6 12. exd6 cxd6 13. Nc3 Nd7 14. O-O O-O 15.
Qe2 Bf6 16. Qe4 g6 17. Bxh6 Re8 18. Qg4 Ne7 19. Ne4 Nf5 20. Bg5 Bxg5 21. Nfxg5
Nh6 22. Qh4 Kg7 23. Nxd6 Rh8 24. Qf4 Nf6 25. c5 Nh5 26. Qd2 f6 27. Nf3 Nf5 28.
Nxf5+ gxf5 29. Rfe1 Qc7 30. Bc4 Re8 31. b4 b5 32. Bb3 Bd7 33. d5 e5 34. d6 Qc8
35. Rac1 e4 36. Nd4 Qb7 37. c6 Bxc6 38. Rxc6 1-0

[Event "V Trofeo Giovanni Pico"]
[Site "Mirandola ITA"]
[Date "2012.01.14"]
[Round "3"]
[White "Ombasic, Dzemil"]
[Black "Gualtieri, Primo"]
[Result "1-0"]
[WhiteElo "1685"]
[BlackElo "1629"]
[PlyCount "85"]
[EventDate "2012.01.13"]

1. e4 e5 2. d4 exd4 3. c3 d3 4. Bxd3 Nc6 5. Nf3 d6 6. Bf4 Bg4 7. Nbd2 Be7 8.
Qc2 Bf6 9. O-O Be5 10. Nxe5 Nxe5 11. Bxe5 dxe5 12. h3 Be6 13. Nf3 Qf6 14. Qa4+
c6 15. Qa5 Qd8 16. Qxe5 Qf6 17. Bc4 O-O-O 18. Bxe6+ fxe6 19. Qxf6 Nxf6 20. Ng5
Rd2 21. f3 e5 22. Nf7 Rf8 23. Nxe5 Rfd8 24. Nc4 Re2 25. Rf2 Rxf2 26. Kxf2 Kc7
27. Ke2 Nh5 28. Ke3 g5 29. g3 h6 30. Rg1 Nf6 31. h4 g4 32. f4 Re8 33. Ne5 h5
34. Rd1 Re7 35. Rd4 Ne8 36. Ng6 Rd7 37. Rxd7+ Kxd7 38. e5 Ke6 39. Ke4 Ng7 40.
f5+ Kf7 41. Nf4 b6 42. f6 Ne8 43. Nxh5 1-0

[Event "V Trofeo Giovanni Pico"]
[Site "Mirandola ITA"]
[Date "2012.01.14"]
[Round "3"]
[White "Santamato, Luigi"]
[Black "Moi, Roberto"]
[Result "0-1"]
[WhiteElo "1717"]
[BlackElo "1931"]
[PlyCount "130"]
[EventDate "2012.01.13"]

1. d4 f5 2. c4 Nf6 3. g3 g6 4. Bg2 Bg7 5. Nf3 O-O 6. O-O d6 7. Nc3 Qe8 8. Bg5
c6 9. Qd2 e5 10. dxe5 dxe5 11. Bh6 Na6 12. Bxg7 Kxg7 13. Qd6 e4 14. Nd4 Bd7 15.
Qf4 Qb8 16. Qxb8 Raxb8 17. e3 Nb4 18. Rfd1 Nd3 19. Rd2 a6 20. Bf1 Ne5 21. c5
Kf7 22. Kg2 Be6 23. Nxe6 Kxe6 24. Rd6+ Ke7 25. Rad1 Rfd8 26. b4 Ne8 27. Rxd8
Rxd8 28. Rxd8 Kxd8 29. a3 Ke7 30. h4 Ke6 31. Be2 Nc7 32. Kf1 Nd5 33. Nb1 Nd7
34. Ke1 a5 35. Bc4 Ke5 36. bxa5 Nxc5 37. Kd2 Na4 38. Kc2 Kd6 39. Kb3 Nc5+ 40.
Kc2 Nd7 41. Nd2 Ne5 42. Kd1 Nxc4 43. Nxc4+ Kc5 44. Nd2 Kb5 45. Nb3 Nf6 46. Kc2
Ng4 47. Kc3 Nxf2 48. a4+ Kxa4 49. Nc5+ Kxa5 50. Nxb7+ Kb6 51. Nd6 Nh1 52. Ne8
Nxg3 53. Nf6 Nf1 54. Nxh7 Nxe3 55. Nf8 Nd5+ 56. Kd4 Ne7 57. Ne6 Kb5 58. Nf4 c5+
59. Ke5 Kc6 60. Ke6 Ng8 61. Nxg6 e3 62. Nf4 Nh6 63. Kf6 Kd6 64. Kg6 Ke5 65. Ne2
f4 0-1

[Event "V Trofeo Giovanni Pico"]
[Site "Mirandola ITA"]
[Date "2012.01.14"]
[Round "3"]
[White "Sasdelli, Massimo"]
[Black "Vincenzi, Marco"]
[Result "0-1"]
[WhiteElo "1840"]
[BlackElo "2121"]
[PlyCount "60"]
[EventDate "2012.01.13"]

1. c4 Nf6 2. g3 c5 3. Nc3 d5 4. cxd5 Nxd5 5. Bg2 Nc7 6. Nf3 Nc6 7. d3 e5 8. O-O
Be7 9. Be3 O-O 10. Rc1 Be6 11. Na4 b6 12. b4 Nxb4 13. Nxe5 Bd5 14. Nc3 Bxg2 15.
Kxg2 Ncd5 16. Bd2 Nxc3 17. Bxc3 Nxa2 18. Qb3 Nxc1 19. Rxc1 Qd6 20. Kg1 Bf6 21.
Ng4 Bxc3 22. Rxc3 Qe6 23. Qxe6 fxe6 24. Ne5 Rf5 25. f4 Rxe5 26. fxe5 a5 27. Rb3
Ra6 28. d4 cxd4 29. Rd3 a4 30. Rxd4 a3 0-1

[Event "V Trofeo Giovanni Pico"]
[Site "Mirandola ITA"]
[Date "2012.01.14"]
[Round "3"]
[White "Simonini, Mattia"]
[Black "Castellari, Claudio"]
[Result "1-0"]
[WhiteElo "1759"]
[BlackElo "1540"]
[PlyCount "123"]
[EventDate "2012.01.13"]

1. d4 d5 2. c4 e6 3. cxd5 exd5 4. Nc3 Nf6 5. Bg5 c6 6. Qc2 g6 7. e3 Bf5 8. Bd3
Bxd3 9. Qxd3 Bg7 10. Nf3 Qd6 11. O-O O-O 12. Rab1 Nbd7 13. b4 a6 14. a4 b5 15.
Rfc1 Rfc8 16. a5 Re8 17. Qc2 Rac8 18. Rb3 Re6 19. Na2 h6 20. Bf4 Qe7 21. h3 g5
22. Bg3 Ne4 23. Bh2 Nd6 24. Bxd6 Qxd6 25. Ne1 Qe7 26. Nd3 Qd6 27. Nc5 Nxc5 28.
Qxc5 Qxc5 29. Rxc5 Bf8 30. Rc2 f5 31. Nc1 Bd6 32. Nd3 Kg7 33. Rbc3 Be7 34. Nc5
Bxc5 35. Rxc5 Rd6 36. f3 Kf6 37. Kf2 Ke7 38. Rc1 Kd7 39. g4 fxg4 40. hxg4 Re8
41. R5c3 h5 42. gxh5 Rh8 43. Rh1 Rdh6 44. Kg2 Rxh5 45. Rcc1 Rxh1 46. Rxh1 Rxh1
47. Kxh1 Ke6 48. Kg2 Kf5 49. Kg3 Kf6 50. Kg4 Kg6 51. f4 gxf4 52. exf4 Kf6 53.
f5 Kg7 54. Kg5 Kf7 55. f6 Kf8 56. Kg6 Kg8 57. f7+ Kf8 58. Kf6 c5 59. dxc5 d4
60. c6 d3 61. c7 d2 62. c8=Q# 1-0

[Event "V Trofeo Giovanni Pico"]
[Site "Mirandola ITA"]
[Date "2012.01.14"]
[Round "3"]
[White "Solinas, Roberto"]
[Black "Setti, Roberto"]
[Result "0-1"]
[WhiteElo "1732"]
[BlackElo "1957"]
[PlyCount "75"]
[EventDate "2012.01.13"]

1. e4 e6 2. Qe2 e5 3. Nf3 Nc6 4. c3 d5 5. exd5 Qxd5 6. Qc4 Be6 7. Qxd5 Bxd5 8.
Be2 f6 9. d3 O-O-O 10. Nbd2 h5 11. O-O h4 12. h3 g5 13. Ne4 Bg7 14. b4 Nge7 15.
a4 Ng6 16. Be3 Nf4 17. Bxf4 exf4 18. Rac1 Rhe8 19. Nfd2 f5 20. c4 Bxe4 21. Nxe4
fxe4 22. dxe4 Rxe4 23. Bf3 Re7 24. b5 Nd4 25. Bg4+ Kb8 26. Rfd1 Rde8 27. c5
Ne2+ 28. Bxe2 Rxe2 29. Rd5 Bf6 30. Kf1 Kc8 31. c6 R2e7 32. Rf5 Bb2 33. cxb7+
Kxb7 34. Rd1 Bc3 35. g3 fxg3 36. Rxg5 Rf8 37. Rc5 Rxf2+ 38. Kg1 0-1

[Event "V Trofeo Giovanni Pico"]
[Site "Mirandola ITA"]
[Date "2012.01.14"]
[Round "3"]
[White "Wang, Cesare"]
[Black "Rubbiani, Samuel"]
[Result "1-0"]
[WhiteElo "1674"]
[BlackElo "1614"]
[PlyCount "103"]
[EventDate "2012.01.13"]

1. d4 Nf6 2. c4 d6 3. Nf3 g6 4. Nc3 Bg7 5. e4 O-O 6. Be2 Bg4 7. O-O Bxf3 8.
Bxf3 c6 9. b4 b6 10. Qc2 Nbd7 11. Be3 Rc8 12. Be2 Re8 13. f4 e5 14. a4 a6 15.
dxe5 dxe5 16. f5 Bf8 17. Qb3 a5 18. b5 Bb4 19. Na2 Nxe4 20. Nxb4 axb4 21. Qxb4
cxb5 22. axb5 Ndc5 23. fxg6 hxg6 24. Bxc5 Nxc5 25. Ra7 Re7 26. Rxe7 Qxe7 27.
Bf3 Kg7 28. Bd5 f5 29. g3 Qg5 30. Kh1 Qe3 31. Re1 Qf2 32. Qc3 Nd3 33. Rd1 Nc5
34. Qxe5+ Kh6 35. Qf4+ Qxf4 36. gxf4 Kg7 37. Kg2 Re8 38. Kf3 Kf6 39. Bc6 Rh8
40. Kg3 Ne4+ 41. Kf3 Rh3+ 42. Kg2 Rc3 43. Bxe4 fxe4 44. Rd6+ Kf5 45. Rxb6 Rxc4
46. Rb8 Kxf4 47. b6 Rc2+ 48. Kh3 e3 49. b7 e2 50. Rf8+ Kg5 51. b8=Q e1=Q 52.
Qf4+ 1-0

[Event "V Trofeo Giovanni Pico"]
[Site "Mirandola ITA"]
[Date "2012.01.15"]
[Round "4"]
[White "Boschetti, Claudio"]
[Black "Di Trapani, Davide"]
[Result "1-0"]
[WhiteElo "2142"]
[BlackElo "2069"]
[PlyCount "75"]
[EventDate "2012.01.13"]

1. e4 e5 2. Bc4 Nf6 3. d3 Nc6 4. Nf3 Bc5 5. c3 O-O 6. Nbd2 d5 7. exd5 Nxd5 8.
O-O Nb6 9. b4 Bd6 10. Bb3 Bg4 11. Ne4 Kh8 12. h3 Bh5 13. g4 Bg6 14. Kg2 f5 15.
Neg5 Qf6 16. Nh4 f4 17. Nhf3 e4 18. Nxe4 Bxe4 19. dxe4 Qxc3 20. Bd2 Qf6 21. b5
Ne5 22. Bc3 Nbd7 23. Qb1 Qg6 24. Bd1 Nxg4 25. Rg1 Be5 26. Nxe5 Ngxe5+ 27. Kh2
Qb6 28. Qb2 Rae8 29. Bg4 Nxg4+ 30. Rxg4 Nf6 31. Rag1 h5 32. Rxg7 Rxe4 33. R1g6
f3 34. Qd2 Re3 35. fxe3 f2 36. Qxf2 Ng4+ 37. Kg1 Nxf2 38. Rf7+ 1-0

[Event "V Trofeo Giovanni Pico"]
[Site "Mirandola ITA"]
[Date "2012.01.15"]
[Round "4"]
[White "Caramaschi, Vincenzo"]
[Black "Rubbiani, Samuel"]
[Result "0-1"]
[WhiteElo "1617"]
[BlackElo "1614"]
[PlyCount "74"]
[EventDate "2012.01.13"]

1. e4 c6 2. d3 d5 3. Nc3 dxe4 4. Nxe4 Bf5 5. Ng3 Bg6 6. Nf3 e6 7. Bg5 Be7 8. h4
Bxg5 9. Nxg5 h6 10. h5 Qxg5 11. hxg6 Qxg6 12. Ne4 Nd7 13. Nd6+ Ke7 14. Nxb7
Ngf6 15. Qd2 Rhc8 16. Na5 Kf8 17. Rh3 Qf5 18. Nc4 Rab8 19. b3 Nb6 20. Nxb6 axb6
21. Be2 Qe5 22. c3 c5 23. Re3 Qh2 24. O-O-O Qxg2 25. Bf3 Qh2 26. Rh1 Qf4 27.
Kc2 Rd8 28. Qe2 Nd5 29. Re4 Qf6 30. Rc4 Nf4 31. Rxf4 Qxf4 32. Bg4 Rd6 33. Rh3
Qg5 34. Rh5 Qg6 35. f4 f5 36. Bf3 Rbd8 37. Rh2 Qf6 0-1

[Event "V Trofeo Giovanni Pico"]
[Site "Mirandola ITA"]
[Date "2012.01.15"]
[Round "4"]
[White "Castelli, Antonio"]
[Black "Pavesi, Paolo"]
[Result "1-0"]
[WhiteElo "1680"]
[BlackElo "1542"]
[PlyCount "109"]
[EventDate "2012.01.13"]

1. e4 g6 2. d4 Bg7 3. Nf3 d6 4. Nc3 Nd7 5. Bc4 h6 6. Be3 e5 7. dxe5 dxe5 8. Qd5
Qe7 9. O-O-O Ngf6 10. Qd2 Ng4 11. Nb5 O-O 12. Nxc7 Nxe3 13. Qxe3 Kh7 14. Nxa8
h5 15. Kb1 Nc5 16. Rd5 b6 17. Rhd1 Be6 18. Ng5+ Kg8 19. Nxe6 fxe6 20. Nxb6 axb6
21. Rd6 Qb7 22. b4 Qxe4 23. Qxe4 Nxe4 24. Rxe6 Nc3+ 25. Kc1 Bh6+ 26. Rd2 Kh8
27. Rxg6 Bxd2+ 28. Kxd2 Ne4+ 29. Ke3 Nf6 30. f3 Kh7 31. Bd3 Kh8 32. Be4 Nxe4
33. Kxe4 Rf4+ 34. Kxe5 Rxb4 35. Kd5 Kh7 36. Rc6 Rb2 37. a4 b5 38. axb5 Rxb5+
39. Rc5 Rb1 40. Ke4 Kg6 41. g3 h4 42. gxh4 Rh1 43. Kf4 Rxh2 44. Kg3 Rh1 45. Rc8
Kg7 46. c4 Rg1+ 47. Kf4 Rh1 48. c5 Rxh4+ 49. Ke5 Rh1 50. c6 Rc1 51. c7 Kf7 52.
Kd6 Rc2 53. Rb8 Rd2+ 54. Ke5 Re2+ 55. Kf4 1-0

[Event "V Trofeo Giovanni Pico"]
[Site "Mirandola ITA"]
[Date "2012.01.15"]
[Round "4"]
[White "De Palma, Fabrizio"]
[Black "Chiarion, Elisa"]
[Result "1/2-1/2"]
[WhiteElo "2075"]
[BlackElo "2003"]
[PlyCount "55"]
[EventDate "2012.01.13"]

1. d4 d5 2. Nf3 c6 3. c4 e6 4. e3 f5 5. Be2 Nf6 6. O-O Bd6 7. b3 Qe7 8. Ne5 O-O
9. Bb2 g5 10. Nd2 Ne4 11. f3 Nxd2 12. Qxd2 Nd7 13. Nd3 e5 14. dxe5 Nxe5 15.
cxd5 Rd8 16. Qc3 Ng6 17. dxc6 Qxe3+ 18. Kh1 Qe7 19. Rae1 bxc6 20. Bd1 Qc7 21.
b4 h6 22. Bb3+ Kh7 23. Nc5 Nf4 24. Ne6 Nxe6 25. Bxe6 Rf8 26. Bxc8 Raxc8 27. Re6
Rf7 28. g3 1/2-1/2

[Event "V Trofeo Giovanni Pico"]
[Site "Mirandola ITA"]
[Date "2012.01.15"]
[Round "4"]
[White "De Simone Sorrentino, Fabio"]
[Black "Ferronato, Christian"]
[Result "1/2-1/2"]
[WhiteElo "1701"]
[BlackElo "1386"]
[PlyCount "76"]
[EventDate "2012.01.13"]

1. e4 d5 2. exd5 Qxd5 3. Nc3 Qa5 4. d4 Nf6 5. Bd2 Bg4 6. Be2 Bxe2 7. Qxe2 Qb6
8. Nf3 c6 9. O-O e6 10. Rab1 Nbd7 11. Na4 Qc7 12. b4 b5 13. Nc5 Nxc5 14. bxc5
Be7 15. Ne5 O-O 16. Bf4 Qc8 17. Bg5 Nd5 18. Bxe7 Nxe7 19. Rb3 Rb8 20. Qe4 Nd5
21. Rh3 h6 22. Ng4 f5 23. Nxh6+ gxh6 24. Rg3+ Kh7 25. Qe5 Rg8 26. Re1 Rxg3 27.
hxg3 b4 28. Qxe6 Qxe6 29. Rxe6 Rc8 30. Rd6 Rc7 31. Kh2 a5 32. Rd8 a4 33. Rb8 a3
34. Kh3 Re7 35. Kh4 Kg6 36. Rd8 Re6 37. Rg8+ Kh7 38. Rb8 Re7 1/2-1/2

[Event "V Trofeo Giovanni Pico"]
[Site "Mirandola ITA"]
[Date "2012.01.15"]
[Round "4"]
[White "Dionigi, Riccardo"]
[Black "Dobboletta, Alex"]
[Result "0-1"]
[WhiteElo "1865"]
[BlackElo "1986"]
[PlyCount "112"]
[EventDate "2012.01.13"]

1. d4 Nf6 2. c4 g6 3. Nc3 Bg7 4. e4 d6 5. f3 O-O 6. Be3 Nbd7 7. Nge2 c5 8. Qd2
a6 9. Rd1 Qa5 10. Nc1 cxd4 11. Bxd4 Ne5 12. Nb3 Qc7 13. Nd5 Nxd5 14. cxd5 e6
15. Qc3 Qxc3+ 16. Bxc3 exd5 17. Rxd5 Rd8 18. Be2 Be6 19. Rd2 Nc4 20. Bxc4 Bxc3
21. bxc3 Bxc4 22. Kf2 Rac8 23. Na5 Rc7 24. Nxc4 Rxc4 25. Rc1 Rdc8 26. Rxd6 Rxc3
27. Rxc3 Rxc3 28. Kg3 Rc2 29. a4 Rc4 30. Rb6 Rxa4 31. Rxb7 Ra2 32. Ra7 a5 33.
e5 a4 34. f4 a3 35. Kf3 Kf8 36. h3 Ra1 37. Kg4 h6 38. g3 a2 39. Kh4 Ke8 40. Kg4
Kd8 41. h4 Kc8 42. h5 Kb8 43. Ra3 Kc7 44. hxg6 fxg6 45. Ra4 h5+ 46. Kg5 h4 47.
gxh4 Rg1+ 48. Kf6 a1=Q 49. Rxa1 Rxa1 50. Kxg6 Rg1+ 51. Kh6 Kd7 52. h5 Ke6 53.
Kh7 Kf5 54. h6 Rg6 55. e6 Rxe6 56. Kg7 Rg6+ 0-1